| 000 | 00882nam a2200205Ii 4500 | ||
|---|---|---|---|
| 003 | JO-AjNU | ||
| 008 | 230605s9999||||xx |||||||||||||| ||und|| | ||
| 040 |
_aJO-AjNU _bara _erda _cJO-AjNU |
||
| 041 | _aara | ||
| 050 | 1 | 4 | _aBP189.7.S51.H37 1997 |
| 100 | 3 |
_aالحسينية، فاطمة اليشرطية ؛ إشراف وتصدير أحمد اليشرطي, _eauthor _940812 |
|
| 245 | 0 | 0 | _aرحلة الى الحق في مناقب حضرة والدي وشيخي القطب الغوث الأكبر والوارث المحمدي الأعظم الشيخ علي نور الدين اليشرطي |
| 250 | _aط4 مضبوطة ومنقحة | ||
| 264 | 3 | 1 | _aد.م: المؤلف، 1997 |
| 300 | _a484ص | ||
| 336 |
_atext _btxt _2rdacontent |
||
| 337 |
_aunmediated _bn _2rdamedia |
||
| 338 |
_avolume _bnc _2rdacarrier |
||
| 650 | 4 |
_aالشاذلية- طرق صوفية- تراجم _940813 |
|
| 999 |
_aA17350 _c20918 _d20918 |
||